[Event "Challenge"]
[Site "http://www.queenalice.com/game.php?id=830256"]
[Date "2010.9.9"]
[Round "-"]
[White "Xyko"]
[Black "Brandon"]
[Result "0-1"]
[WhiteElo "2089"]
[BlackElo "2572"]

1. d4 Nf6 2. Nc3 d5 3. Bg5 Nbd7 4. Qd3 c6 5. Nf3 h6 6. Bf4 e6 7. e4 Bb4 8. e5
Ne4 9. Nd2 Nxc3 10. bxc3 Be7 11. Be2 c5 12. O-O O-O 13. Qg3 Kh8 14. c4 cxd4 15.
cxd5 exd5 16. Nf3 Nc5 17. Nxd4 Ne4 18. Qd3 Be6 19. f3 Nc5 20. Qd2 Rc8 21. Rab1
Kg8 0-1

[Event "Challenge"]
[Site "http://www.queenalice.com/game.php?id=830258"]
[Date "2010.9.9"]
[Round "-"]
[White "Brandon"]
[Black "Xyko"]
[Result "1-0"]
[WhiteElo "2573"]
[BlackElo "2087"]

1. e4 e5 2. Nf3 Nf6 3. Nxe5 d6 4. Nf3 Nxe4 5. d4 d5 6. Bd3 Nc6 7. O-O Bg4 8. c4
Nf6 9. Nc3 Bxf3 10. Qxf3 Nxd4 11. Qh3 dxc4 12. Bxc4 Be7 13. Bg5 O-O 14. Rfe1 Re8
15. Rad1 c5 16. Bb5 Rf8 17. Bd3 h6 18. Bxh6 Qc8 19. Qh4 Qg4 20. Qxg4 Nxg4 21.
Rxe7 Nxh6 22. Rxb7 Rfb8 23. Rxb8+ Rxb8 24. b3 1-0

[Event "AUTO-ADV-1812"]
[Site "http://www.queenalice.com/game.php?id=837903"]
[Date "2010.9.25"]
[Round "2"]
[White "Pcchess"]
[Black "Xyko"]
[Result "0-1"]
[WhiteElo "2126"]
[BlackElo "2134"]

1. e4 e5 2. Nf3 Nf6 3. Bc4 Nxe4 4. Nxe5 d5 5. Nxf7 Qe7 6. O-O Qxf7 7. Bxd5 Qxd5
8. Re1 Kf7 9. d3 Nf6 10. Nc3 Qf5 11. g3 Bd6 12. Be3 Re8 13. Qd2 Nc6 0-1

[Event "AUTO-ADV-1812"]
[Site "http://www.queenalice.com/game.php?id=837904"]
[Date "2010.9.25"]
[Round "2"]
[White "Xyko"]
[Black "Pcchess"]
[Result "0-1"]
[WhiteElo "1932"]
[BlackElo "2158"]

1. d4 Nf6 2. Nc3 g6 3. Bg5 Bg7 4. e3 O-O 5. Bc4 d6 6. Nf3 h6 7. Bh4 Nbd7 8. Bb3
c5 9. Qd3 a6 10. a4 Rb8 11. Bxf6 Nxf6 12. Qxg6 b5 13. axb5 axb5 14. dxc5 dxc5
15. Qg3 Bf5 16. O-O c4 17. Nd4 Bg6 18. Ba2 Nh5 19. Qf3 Bxd4 20. exd4 Qxd4 21.
Rfd1 Qf6 22. Qg4 Qg5 23. Qxg5 hxg5 24. Rd5 b4 0-1

[Event "AUTO-ADV-1812"]
[Site "http://www.queenalice.com/game.php?id=837907"]
[Date "2010.9.25"]
[Round "2"]
[White "Xyko"]
[Black "charles"]
[Result "1-0"]
[WhiteElo "2115"]
[BlackElo "1994"]

1. d4 Nf6 2. Nc3 g6 3. Bg5 Bg7 4. e3 d5 5. Bd3 h6 6. Bf4 Nc6 7. h3 Nh5 8. Bh2
Nb4 9. Nf3 Be6 10. Bb5+ c6 11. Be2 Bf5 12. O-O Bxc2 13. Qd2 Bf5 14. g4 Bxg4 15.
hxg4 Nf6 16. Ne5 a5 17. Qd1 Nh7 18. a3 Na6 19. Qb3 b5 20. Nxc6 Qd7 21. Nxd5 O-O
22. Qxb5 Rac8 23. Ncxe7+ Qxe7 24. Nxe7+ 1-0

[Event "AUTO-ADV-1812"]
[Site "http://www.queenalice.com/game.php?id=837908"]
[Date "2010.9.25"]
[Round "2"]
[White "charles"]
[Black "Xyko"]
[Result "0-1"]
[WhiteElo "2048"]
[BlackElo "2078"]

1. e4 e5 2. Nf3 Qe7 3. c4 Nf6 4. Nc3 d6 5. d3 g6 6. Bg5 Bg7 7. Nd5 Qd8 8. Qa4+
c6 9. Nxf6+ Bxf6 10. Be3 O-O 11. Be2 c5 12. O-O a5 13. h3 Bd7 14. Qd1 Nc6 15. a3
a4 16. Qd2 Na5 17. Bd1 b5 18. Qc2 bxc4 19. dxc4 Nb3 20. Ra2 Nd4 21. Bxd4 cxd4
22. b4 axb3 23. Qxb3 Qa5 24. Nd2 Kg7 25. Qg3 Rfb8 26. Nb3 Qc3 27. Qxc3 dxc3 28.
Bc2 Ba4 29. Rb1 Rb7 30. Raa1 Rab8 31. Na5 Rb2 32. Bxa4 Rxb1+ 33. Rxb1 Rxb1+ 34.
Kh2 Ra1 35. Nb7 Rxa3 36. Bc2 Be7 37. f3 Ra7 0-1

[Event "AUTO-ADV-1804"]
[Site "http://www.queenalice.com/game.php?id=850519"]
[Date "2010.10.25"]
[Round "2"]
[White "jlpbarreto"]
[Black "Xyko"]
[Result "1-0"]
[WhiteElo "1864"]
[BlackElo "2049"]

1. e4 e5 2. Nf3 Nf6 3. Nxe5 d6 4. Nf3 Nxe4 5. d4 d5 6. Bd3 Bd6 7. Nbd2 Bf5 8.
O-O O-O 9. Re1 Re8 10. Bxe4 dxe4 11. Ne5 Bxe5 12. dxe5 Rxe5 13. Nc4 Rd5 14. Qe2
1-0

[Event "AUTO-ADV-1804"]
[Site "http://www.queenalice.com/game.php?id=850520"]
[Date "2010.10.25"]
[Round "2"]
[White "Xyko"]
[Black "jlpbarreto"]
[Result "0-1"]
[WhiteElo "2026"]
[BlackElo "1887"]

1. d4 Nf6 2. Nc3 d5 3. Bg5 Nbd7 4. Nf3 g6 5. e3 Bg7 6. Bd3 c5 7. Bxf6 Nxf6 8.
dxc5 O-O 9. O-O Bg4 10. Re1 e5 11. Be2 Re8 12. h3 Bf5 0-1

[Event "AUTO-ADV-1804"]
[Site "http://www.queenalice.com/game.php?id=850525"]
[Date "2010.10.25"]
[Round "2"]
[White "Xyko"]
[Black "alidivetro"]
[Result "0-1"]
[WhiteElo "1953"]
[BlackElo "1832"]

1. d4 d5 2. Nc3 Nf6 3. Bg5 e6 4. e3 Bb4 5. Bd3 Nbd7 6. Ne2 h6 7. Bh4 O-O 8. O-O
Be7 9. e4 dxe4 10. Nxe4 Nxe4 11. Bxe7 Nxf2 12. Bxd8 Nxd1 13. Bxc7 Nf6 14. Raxd1
Nd5 15. Bg3 Nb4 16. Bd6 Nxd3 0-1

[Event "AUTO-ADV-1804"]
[Site "http://www.queenalice.com/game.php?id=850526"]
[Date "2010.10.25"]
[Round "2"]
[White "alidivetro"]
[Black "Xyko"]
[Result "1-0"]
[WhiteElo "1809"]
[BlackElo "1976"]

1. e4 e5 2. Nf3 Nf6 3. Nc3 Bb4 4. d3 O-O 5. Nxe5 d5 6. Bd2 Re8 7. Nf3 dxe4 8.
Nxe4 Bxd2+ 9. Nxd2 Nc6 10. Be2 Nxe4 11. Nxe4 Bf5 12. Ng3 Nd4 13. O-O Bg6 14. Bh5
Qf6 15. Bxg6 Qxg6 16. c3 Nf5 17. Nxf5 1-0

[Event "AUTO-ADV-1804"]
[Site "http://www.queenalice.com/game.php?id=850527"]
[Date "2010.10.25"]
[Round "2"]
[White "Xyko"]
[Black "afonso092"]
[Result "0-1"]
[WhiteElo "2093"]
[BlackElo "1920"]

1. d4 d5 2. Nc3 e6 3. Nf3 h6 4. e4 dxe4 5. Nxe4 Nf6 6. Nxf6+ Qxf6 7. c3 Bd6 8.
Bd3 O-O 9. O-O a6 10. Re1 Bf4 11. Nd2 Qd8 12. Nf3 Bxc1 13. Rxc1 Nc6 14. Qc2 f5
15. Ne5 Nxe5 16. Rxe5 Qg5 17. Bc4 Rf6 0-1

[Event "AUTO-ADV-1804"]
[Site "http://www.queenalice.com/game.php?id=850528"]
[Date "2010.10.25"]
[Round "2"]
[White "afonso092"]
[Black "Xyko"]
[Result "1-0"]
[WhiteElo "1943"]
[BlackElo "2070"]

1. e4 e5 2. Bc4 Nf6 3. d3 Nc6 4. a3 d5 5. exd5 Nxd5 6. h3 Be6 7. Nf3 Bd6 8. O-O
O-O 9. Ng5 Be7 10. Nxe6 fxe6 11. Nd2 Qd7 12. Ne4 Nf6 13. Nxf6+ Rxf6 14. Bg5 Rg6
15. Bxe7 Qxe7 16. c3 Re8 17. Qe2 Qg5 18. f3 1-0